K Answers Quiz #2 - Statistics

General Stats
  • This quiz has been taken 39,256 times
    28,722 since last reset
  • The average score is 14 of 24
Answer Stats
Clue Answer % Correct
Where K-Pop comes from Korea
92%
Hurricane that struck New Orleans Katrina
88%
Makers of Corn Flakes Kellogg's
85%
Comes before mega, giga, and tera Kilo
82%
Title of the German emperor Kaiser
80%
Capital of Nepal Kathmandu
77%
Spit-roasted meat of the Middle East Kebab
77%
Indian religious belief. To wit, what goes around comes around. Karma
76%
Mythical sea monster that looks like a giant squid Kraken
76%
Johnson was his V.P. Kennedy
71%
Major desert in southern Africa Kalahari
62%
"The Jungle Book" author Kipling
60%
Mr. Abdul Jabbar Kareem
59%
Biggest city on the Dnieper river Kyiv
51%
Region of the Yukon or a brand of ice cream bar Klondike
49%
African-American Christmas alternative Kwanzaa
47%
Militant "Star Trek" race Klingon
44%
He punishes naughty children at Christmastime Krampus
44%
Nintendo character who inhales his foes Kirby
41%
Chess player defeated by Deep Blue Kasparov
39%
The Beach Boys got there fast and then they took it slow Kokomo
39%
Dostoevsky: The Brothers _________ Karamazov
31%
"Rainbow Connection" singer Kermit
26%
Another book about an orphan from that same author Kim
20%
No matching quizzes found
Score Distribution
Percent of People with Each Score
Percentile by Number Answered
Your Score History
You have not taken this quiz since the last reset